Statistics for World capitals that start with B

Click here to take the quiz!

General Stats

  • This quiz has been taken 34 times
  • The average score is 19 of 26

Answer Stats

HintAnswer% Correct
IraqBaghdad
93%
AzerbaijanBaku
93%
ThailandBangkok
93%
GermanyBerlin
93%
SwitzerlandBern
89%
ChinaBeijing
85%
LebanonBeirut
85%
SerbiaBelgrade
85%
ColombiaBogotá
85%
BrazilBrasília
81%
BelgiumBrussels
81%
HungaryBudapest
78%
SlovakiaBratislava
70%
ArgentinaBuenos Aires
70%
BruneiBandar Seri Begawan
67%
BelizeBelmopan
67%
Guinea-BissauBissau
67%
RomaniaBucharest
67%
MaliBamako
63%
BarbadosBridgetown
63%
KyrgyzstanBishkek
59%
Saint Kitts and NevisBasseterre
56%
Central African RepublicBangui
52%
GambiaBanjul
48%
Republic of the CongoBrazzaville
48%
1 of 3 in South AfricaBloemfontein
41%

Score Distribution

Percentile by Number Answered

Percent of People with Each Score

Your Score History

You have not taken this quiz